[Event "Hampshire Major"]
[Site "Fareham"]
[Date "2018.11.04"]
[Round "5"]
[White "O'Gorman, Brendan"]
[Black "Coburn, Joe"]
[Result "1-0"]
[WhiteElo "1832"]
[BlackElo "1576"]
[PlyCount "101"]
[EventDate "2018.11.02"]
[EventType "swiss"]
[EventRounds "6"]
[EventCountry "ENG"]
[SourceTitle "BritBase"]
[Source "John Saunders"]
[SourceDate "2018.11.12"]
[SourceVersion "1"]
[SourceVersionDate "2018.11.12"]
[SourceQuality "1"]

1. c4 Nf6 2. Nc3 g6 3. e4 d6 4. d4 Bg7 5. Be2 c6 6. f4 e6 7. Nf3 d5 8. e5 Ng8 9. O-O Ne7 10. g4 h5 11. gxh5 Rxh5 12. Ng5 Rh8 13. cxd5 exd5 14. Qe1 Bf5 15. Bf3 Qd7 16. b3 Na6 17. Ba3 Nc7 18. Rc1 Ne6 19. Bd6 Nxd4 20. Bg2 Ne6 21. Bxe7 Kxe7 22. Rd1 Rad8 23. Bxd5 cxd5 24. Nxd5+ Kf8 25. Qb4+ Kg8 26. Nf6+ Bxf6 27. Rxd7 Bxg5 28. Rxd8+ Bxd8 29. Rc1 Bb6+ 30. Kg2 Kg7 31. Rc4 Bh3+ 32. Kg3 Bf1 33. Rc1 Rh3+ 34. Kg4 Bg2 35. Rc2 Rf3 36. Rxg2 Rxf4+ 37. Qxf4 Nxf4 38. Kxf4 Bc5 39. Rd2 Kf8 40. Rd7 b5 41. Rd5 Bg1 42. h3 Ke7 43. Rxb5 Ke6 44. Ke4 f5+ 45. exf6 Kxf6 46. b4 Bf2 47. Rd5 Be1 48. b5 Ba5 49. a4 Bb6 50. Rd6+ Kf7 51. Rxb6 1-0

[Event "Hampshire Major"]
[Site "Fareham"]
[Date "2018.11.04"]
[Round "5"]
[White "Venables, Simon"]
[Black "Agostinelli, Dave"]
[Result "0-1"]
[WhiteElo "1784"]
[BlackElo "1632"]
[PlyCount "38"]
[EventDate "2018.11.02"]
[EventType "swiss"]
[EventRounds "6"]
[EventCountry "ENG"]
[SourceTitle "BritBase"]
[Source "John Saunders"]
[SourceDate "2018.11.12"]
[SourceVersion "1"]
[SourceVersionDate "2018.11.12"]
[SourceQuality "1"]

1. d4 Nf6 2. c4 e6 3. Nc3 Bb4 4. f3 O-O 5. e4 h6 6. Bd3 c5 7. d5 Bxc3+ 8. bxc3 d6 9. Ne2 e5 10. O-O Nbd7 11. f4 exf4 12. Bxf4 Ne5 13. h3 Re8 14. Ng3 Qe7 15. Re1 Nh7 16. Rb1 b6 17. Rb2 Qh4 18. Bxe5 Rxe5 19. Nf5 Bxf5 0-1

[Event "Hampshire Major"]
[Site "Fareham"]
[Date "2018.11.04"]
[Round "5"]
[White "Sawers, Kevin"]
[Black "Hamilton, Melissa"]
[Result "1-0"]
[WhiteElo "1616"]
[BlackElo "1744"]
[PlyCount "57"]
[EventDate "2018.11.02"]
[EventType "swiss"]
[EventRounds "6"]
[EventCountry "ENG"]
[SourceTitle "BritBase"]
[Source "John Saunders"]
[SourceDate "2018.11.12"]
[SourceVersion "1"]
[SourceVersionDate "2018.11.12"]
[SourceQuality "1"]

1. e4 e5 2. Nf3 d6 3. d4 exd4 4. Nxd4 Nf6 5. Nc3 Bd7 6. f3 Nc6 7. Be3 Nxd4 8. Qxd4 Bc6 9. O-O-O g6 10. g4 Bg7 11. Qd2 Qe7 12. Bg2 b6 13. Rhe1 O-O-O 14. Bg5 h6 15. Nd5 Qe6 16. Qc3 Nxd5 17. Qxc6 hxg5 18. Rxd5 Qf6 19. e5 Qf4+ 20. Kb1 Qb4 21. c3 Qf4 22. Bf1 Rde8 23. Rxd6 Qxf3 24. Qxf3 cxd6 25. Qc6+ Kb8 26. Qxd6+ Kb7 27. Bg2+ Kc8 28. Qc6+ Kd8 29. Rd1+ 1-0

[Event "Hampshire Major"]
[Site "Fareham"]
[Date "2018.11.04"]
[Round "5"]
[White "Charalambous, Charlie"]
[Black "Smith, Chris"]
[Result "1/2-1/2"]
[WhiteElo "1384"]
[BlackElo "1712"]
[PlyCount "55"]
[EventDate "2018.11.02"]
[EventType "swiss"]
[EventRounds "6"]
[EventCountry "ENG"]
[SourceTitle "BritBase"]
[Source "John Saunders"]
[SourceDate "2018.11.12"]
[SourceVersion "1"]
[SourceVersionDate "2018.11.12"]
[SourceQuality "1"]

1. e4 e6 2. g3 c5 3. Nf3 Nc6 4. Bg2 g6 5. O-O Bg7 6. c3 Nge7 7. d3 Rb8 8. Be3 b6 9. Qd2 O-O 10. Bh6 Kh8 11. Re1 Ng8 12. Bxg7+ Kxg7 13. Na3 e5 14. d4 d6 15. d5 Nce7 16. Ng5 h6 17. Nh3 b5 18. Nc2 f5 19. f4 fxe4 20. Rxe4 Bf5 21. Ree1 e4 22. Nf2 Nf6 23. Bxe4 Nxe4 24. Nxe4 Re8 25. Nf2 Bxc2 26. Qxc2 Nxd5 27. Rxe8 Qxe8 28. Qe4 1/2-1/2

[Event "Hampshire Major"]
[Site "Fareham"]
[Date "2018.11.04"]
[Round "5"]
[White "Matthew, Ian G"]
[Black "Sellen, John R"]
[Result "1-0"]
[WhiteElo "1688"]
[BlackElo "1648"]
[PlyCount "45"]
[EventDate "2018.11.02"]
[EventType "swiss"]
[EventRounds "6"]
[EventCountry "ENG"]
[SourceTitle "BritBase"]
[Source "John Saunders"]
[SourceDate "2018.11.12"]
[SourceVersion "1"]
[SourceVersionDate "2018.11.12"]
[SourceQuality "1"]

1. e4 d5 2. exd5 Nf6 3. d4 Bg4 4. Be2 Bxe2 5. Nxe2 Qxd5 6. Nf4 Qd7 7. O-O e6 8. c4 Be7 9. Be3 O-O 10. Nd2 Re8 11. a3 Bd6 12. Nd3 Nc6 13. f4 Rad8 14. Ne5 Qc8 15. Nxc6 bxc6 16. Qf3 c5 17. Nb3 cxd4 18. Bxd4 c5 19. Bxf6 gxf6 20. Qg4+ Kh8 21. Qh4 f5 22. Qf6+ Kg8 23. Rf3 1-0

[Event "Hampshire Major"]
[Site "Fareham"]
[Date "2018.11.04"]
[Round "5"]
[White "Ellinger, William"]
[Black "Jones, Amanda"]
[Result "1/2-1/2"]
[WhiteElo "1520"]
[BlackElo "1584"]
[PlyCount "97"]
[EventDate "2018.11.02"]
[EventType "swiss"]
[EventRounds "6"]
[EventCountry "ENG"]
[SourceTitle "BritBase"]
[Source "John Saunders"]
[SourceDate "2018.11.12"]
[SourceVersion "1"]
[SourceVersionDate "2018.11.12"]
[SourceQuality "1"]

1. e3 c5 2. d4 e6 3. c4 d5 4. Nf3 Nc6 5. dxc5 Bxc5 6. a3 Nf6 7. b4 Be7 8. Bb2 O-O 9. Nbd2 Re8 10. Rc1 Bd7 11. Bd3 h6 12. O-O Bf8 13. Re1 a6 14. Qc2 Rc8 15. Qb1 dxc4 16. Rxc4 b5 17. Rc2 Be7 18. Rec1 Qb6 19. Rd1 Ng4 20. Nf1 Red8 21. h3 Nf6 22. N1d2 a5 23. bxa5 Nxa5 24. Rxc8 Rxc8 25. Bd4 Qb7 26. Qb2 b4 27. axb4 Qxb4 28. Bxf6 gxf6 29. Qxb4 Bxb4 30. Ne4 Kg7 31. Ng3 Rc5 32. Be2 Bc6 33. Nd4 Be8 34. Bh5 Kf8 35. Bg4 f5 36. Bf3 Bc6 37. Nxc6 Nxc6 38. Bh5 Ke7 39. Rb1 Rb5 40. Be2 Rb6 41. Nh5 f6 42. Nf4 Ne5 43. g4 fxg4 44. hxg4 Bc5 45. Rc1 Bd6 46. Kg2 Rb8 47. Rh1 Rh8 48. f3 Kf7 49. Bd1 1/2-1/2

[Event "Hampshire Major"]
[Site "Fareham"]
[Date "2018.11.04"]
[Round "6"]
[White "Burton, Nick"]
[Black "Page, Robert"]
[Result "1/2-1/2"]
[WhiteElo "1864"]
[BlackElo "1752"]
[PlyCount "32"]
[EventDate "2018.11.02"]
[EventType "swiss"]
[EventRounds "6"]
[EventCountry "ENG"]
[SourceTitle "BritBase"]
[Source "John Saunders"]
[SourceDate "2018.11.12"]
[SourceVersion "1"]
[SourceVersionDate "2018.11.12"]
[SourceQuality "1"]

1. e4 c5 2. Nf3 d6 3. d4 cxd4 4. Nxd4 Nf6 5. Nc3 a6 6. Be3 e5 7. Nb3 Be7 8. f3 Nc6 9. Qd2 Be6 10. O-O-O Qc7 11. g4 h6 12. h4 O-O-O 13. Nd5 Bxd5 14. exd5 Nb8 15. Bh3 Nbd7 16. Qb4 g5 1/2-1/2

[Event "Hampshire Major"]
[Site "Fareham"]
[Date "2018.11.04"]
[Round "6"]
[White "O'Gorman, Brendan"]
[Black "Belinger, John"]
[Result "1-0"]
[WhiteElo "1832"]
[BlackElo "1592"]
[PlyCount "101"]
[EventDate "2018.11.02"]
[EventType "swiss"]
[EventRounds "6"]
[EventCountry "ENG"]
[SourceTitle "BritBase"]
[Source "John Saunders"]
[SourceDate "2018.11.12"]
[SourceVersion "1"]
[SourceVersionDate "2018.11.12"]
[SourceQuality "1"]

1. Nf3 d5 2. c4 Nf6 3. cxd5 Nxd5 4. d4 e6 5. e4 Bb4+ 6. Bd2 Bxd2+ 7. Qxd2 Nf6 8. Nc3 O-O 9. Be2 Nbd7 10. O-O c6 11. Rac1 b6 12. e5 Nd5 13. Ne4 c5 14. dxc5 Nxc5 15. Nxc5 bxc5 16. Rxc5 Bb7 17. Rfc1 Rc8 18. Rxc8 Bxc8 19. a3 Qb6 20. b4 Bb7 21. Ng5 h6 22. Ne4 Rc8 23. Rxc8+ Bxc8 24. Nd6 Qc7 25. Bh5 g6 26. Bf3 Kh7 27. h4 Bb7 28. Qd4 a6 29. Nxb7 Qxb7 30. Qc5 Qd7 31. Qd6 Qc8 32. Kh2 Qb7 33. Be4 Qb5 34. Qf8 Qd7 35. h5 Qc7 36. hxg6+ fxg6 37. Qd6 Qf7 38. Bxd5 exd5 39. e6 Qf5 40. f3 Qh5+ 41. Kg1 Qg5 42. e7 Qe3+ 43. Kh2 Qe1 44. Qf6 h5 45. Qf7+ Kh6 46. e8=Q Qh4+ 47. Kg1 Qd4+ 48. Kf1 Qd1+ 49. Kf2 Qd2+ 50. Qe2 Qd4+ 51. Qe3+ 1-0

[Event "Hampshire Major"]
[Site "Fareham"]
[Date "2018.11.04"]
[Round "6"]
[White "Agostinelli, Dave"]
[Black "Hudson, Jeremy"]
[Result "1/2-1/2"]
[WhiteElo "1632"]
[BlackElo "1656"]
[PlyCount "98"]
[EventDate "2018.11.02"]
[EventType "swiss"]
[EventRounds "6"]
[EventCountry "ENG"]
[SourceTitle "BritBase"]
[Source "John Saunders"]
[SourceDate "2018.11.12"]
[SourceVersion "1"]
[SourceVersionDate "2018.11.12"]
[SourceQuality "1"]

1. c4 Nf6 2. Nf3 g6 3. g3 Bg7 4. Bg2 O-O 5. d4 d6 6. O-O Nbd7 7. Nc3 c6 8. e4 a6 9. Bd2 Rb8 10. Re1 e5 11. d5 c5 12. a4 Nb6 13. b3 Bd7 14. a5 Nc8 15. Qc2 Ne7 16. Reb1 Nh5 17. Be3 f5 18. Bg5 Nf6 19. Re1 h6 20. Bxf6 Bxf6 21. Qd2 Bg7 22. Ra2 Kh7 23. h3 Rf7 24. Kh2 Ng8 25. exf5 gxf5 26. Nh4 Bf6 27. Nf3 Qf8 28. h4 Qg7 29. Na4 Rbf8 30. Re2 Ne7 31. Bh3 Ng6 32. Nb6 Bd8 33. Nxd7 Rxd7 34. Qc2 e4 35. Ng1 Rg8 36. f3 Ne5 37. Bxf5+ Kh8 38. g4 exf3 39. Rxe5 Qxe5+ 40. Kh3 Qe7 41. Nxf3 Rc7 42. Qd2 Qf6 43. Qd3 Rf8 44. Re2 h5 45. Re6 hxg4+ 46. Bxg4 Qf4 47. Qc3+ Bf6 48. Qd3 Rg7 49. Re4 Qh6 1/2-1/2

[Event "Hampshire Major"]
[Site "Fareham"]
[Date "2018.11.04"]
[Round "6"]
[White "Sawers, Kevin"]
[Black "Venables, Simon"]
[Result "1/2-1/2"]
[WhiteElo "1616"]
[BlackElo "1784"]
[PlyCount "34"]
[EventDate "2018.11.02"]
[EventType "swiss"]
[EventRounds "6"]
[EventCountry "ENG"]
[SourceTitle "BritBase"]
[Source "John Saunders"]
[SourceDate "2018.11.12"]
[SourceVersion "1"]
[SourceVersionDate "2018.11.12"]
[SourceQuality "1"]

1. e4 e5 2. Nf3 f5 3. Nxe5 Qf6 4. d4 d6 5. Nc4 fxe4 6. Nc3 Qg6 7. Be3 Nf6 8. f3 Be7 9. Nxe4 Nxe4 10. fxe4 Qxe4 11. Qd3 Bh4+ 12. Kd2 Qd5 13. Rg1 Nc6 14. g3 Bf5 15. Bg2 Bxd3 16. Bxd5 Bxc4 17. Bxc4 Bf6 1/2-1/2

[Event "Hampshire Major"]
[Site "Fareham"]
[Date "2018.11.04"]
[Round "6"]
[White "Coburn, Joe"]
[Black "Matthew, Ian G"]
[Result "0-1"]
[WhiteElo "1576"]
[BlackElo "1688"]
[PlyCount "48"]
[EventDate "2018.11.02"]
[EventType "swiss"]
[EventRounds "6"]
[EventCountry "ENG"]
[SourceTitle "BritBase"]
[Source "John Saunders"]
[SourceDate "2018.11.12"]
[SourceVersion "1"]
[SourceVersionDate "2018.11.12"]
[SourceQuality "1"]

1. d4 d5 2. Nf3 Nc6 3. Bf4 Bg4 4. Ne5 Nxe5 5. Bxe5 f6 6. Bg3 e6 7. Qd3 Bf5 8. Qb5+ Kf7 9. c4 a6 10. Qb3 dxc4 11. Qxc4 b5 12. Qc3 c5 13. dxc5 Bxc5 14. Qxc5 Rc8 15. Qa7+ Kg6 16. Nc3 b4 17. Rd1 bxc3 18. Rxd8 cxb2 19. Rxc8 b1=Q+ 20. Kd2 Qxa2+ 21. Ke3 Qb3+ 22. Kd2 Ne7 23. Rxh8 Qc2+ 24. Ke3 Nd5+ 0-1

[Event "Hampshire Major"]
[Site "Fareham"]
[Date "2018.11.04"]
[Round "6"]
[White "Hamilton, Melissa"]
[Black "Smith, Chris"]
[Result "1/2-1/2"]
[WhiteElo "1744"]
[BlackElo "1712"]
[PlyCount "59"]
[EventDate "2018.11.02"]
[EventType "swiss"]
[EventRounds "6"]
[EventCountry "ENG"]
[SourceTitle "BritBase"]
[Source "John Saunders"]
[SourceDate "2018.11.12"]
[SourceVersion "1"]
[SourceVersionDate "2018.11.12"]
[SourceQuality "1"]

1. d4 d5 2. c4 e6 3. Nc3 c5 4. e3 Nf6 5. Nf3 Nc6 6. Bd3 Nb4 7. cxd5 Nbxd5 8. e4 cxd4 9. Nxd4 Nxc3 10. bxc3 Be7 11. Qc2 e5 12. Nf3 Qc7 13. O-O O-O 14. Bb2 Bg4 15. Be2 Nh5 16. c4 f6 17. Bd1 Nf4 18. Nh4 Be6 19. Rc1 Rac8 20. Re1 Bxc4 21. Bg4 Nd3 22. Bxc8 Rxc8 23. Qxd3 Bxd3 24. Rxc7 Rxc7 25. Re3 Rc2 26. Rxd3 Rxb2 27. f3 Rxa2 28. Rd7 Bf8 29. Rxb7 a5 30. Nf5 1/2-1/2

[Event "Hampshire Major"]
[Site "Fareham"]
[Date "2018.11.04"]
[Round "6"]
[White "Charalambous, Charlie"]
[Black "Ellinger, William"]
[Result "1/2-1/2"]
[WhiteElo "1384"]
[BlackElo "1520"]
[PlyCount "89"]
[EventDate "2018.11.02"]
[EventType "swiss"]
[EventRounds "6"]
[EventCountry "ENG"]
[SourceTitle "BritBase"]
[Source "John Saunders"]
[SourceDate "2018.11.12"]
[SourceVersion "1"]
[SourceVersionDate "2018.11.12"]
[SourceQuality "1"]

1. e4 e6 2. g3 d5 3. Bg2 Nf6 4. e5 Nfd7 5. d4 c5 6. c3 Nc6 7. Nf3 Qb6 8. O-O Be7 9. Qc2 cxd4 10. cxd4 Nxd4 11. Nxd4 Qxd4 12. Qc3 Qxe5 13. Qxe5 Nxe5 14. Nc3 Bd7 15. Bf4 Nd3 16. b3 Nxf4 17. gxf4 O-O 18. Rad1 Rad8 19. a4 Bc6 20. Ne2 Rc8 21. Nd4 Bc5 22. Nf3 a5 23. Ne5 f6 24. Nd3 Bd6 25. Bh3 f5 26. Rfe1 Rfe8 27. Ne5 Bxe5 28. Rxe5 Bd7 29. Kg2 Rc3 30. Re3 Rxe3 31. fxe3 Rc8 32. Ra1 Bc6 33. Kf2 Rd8 34. Rd1 Be8 35. Bf1 Rc8 36. h4 Bh5 37. Rb1 Rc2+ 38. Kg3 Rc7 39. b4 b6 40. bxa5 bxa5 41. Rb8+ Kf7 42. Bb5 Kf6 43. Rf8+ Ke7 44. Ra8 Rc3 45. Kf2 1/2-1/2